| 000 | 01464cam a22003251 4500 | ||
|---|---|---|---|
| 001 | sa 68006856 | ||
| 003 | DLC | ||
| 005 | 20260227112519.0 | ||
| 008 | 711020s1968 ii b 000 0 eng | ||
| 010 | _asa 68006856 | ||
| 025 | _aPL480:I-E-10164 | ||
| 040 |
_aDLC _cDLC _dDLC |
||
| 050 | 0 | 0 |
_aHC60 _b.R367 1968 |
| 082 | 0 | 0 | _a338.91 |
| 110 | 2 | _aResearch Committee on Foreign Aid. | |
| 245 | 1 | 0 |
_aForeign aid; _ba symposium, a survey and an appraisal _c[by the] Research Committee on Foreign Aid [of the] Indian Economic Centre, Indian International Group [and] Indian Council on Current Affairs, Calcutta. |
| 260 |
_a[Calcutta, _bIndian Council on Current Affairs; distributors: Oxford Book & Stationery Co. _c[1968] |
||
| 300 |
_a544 p. _c25 cm. |
||
| 350 | _aRs40 | ||
| 500 | _a"In commemoration of the second United Nations Conference on Trade and Development, New Delhi, February-March, 1968." | ||
| 500 | _a"Indian Economic Centre and Indian International Group, in collaboration with the Indian Council on Current Affairs, Calcutta, sponsored the present study on foreign aid." | ||
| 500 | _a"Selected readings": p. [539]-544. | ||
| 504 | _aBibliographical footnotes. | ||
| 505 | 0 | _aA symposium.--The report. | |
| 650 | 0 | _aEconomic assistance. | |
| 710 | 2 | _aUnited Nations Conference on Trade and Development. | |
| 710 | 2 | _aIndian Economic Centre. | |
| 710 | 2 | _aIndian International Group. | |
| 710 | 2 | _aIndian Council on Current Affairs. | |
| 999 |
_c81573 _d81573 |
||